000 00624cam a22002293a 4500
001 17977
003 PGUSA
005 20140828083401.0
008 060313s2006||||xxu|||||s|||||000 | eng d
040 _aPGUSA
_beng
042 _adc
050 4 _aPR
100 1 _aJerrold, Walter,
_d1865-1929
245 1 0 _aCharles Lamb
_h[electronic resource] /
_cWalter Jerrold
260 _bProject Gutenberg,
_c2006
506 _aPublic domain in the USA.
516 _aElectronic text
653 _aLamb, Charles, 1775-1834
830 0 _aProject Gutenberg
_v17977
856 4 0 _uhttp://www.gutenberg.org/ebooks/17977
942 _cEB
999 _c247232
_d247232